Statistics for Titles of monarchs

Click here to take the quiz!

General Stats

  • This quiz has been taken 145 times
  • The average score is 13 of 18

Answer Stats

HintAnswer% Correct
PharaohEgypt
95%
TsarRussia or Bulgaria
95%
KaiserGermany
93%
PopeVatican
93%
CaesarRoman Empire
91%
KhanMongol Empire
88%
WangChina or Korea
84%
SultanOttoman Empire or Oman
84%
ArchdukeAustria
83%
ShahIran
79%
MikadoJapan
74%
RajaIndia
73%
Grand DukeLuxembourg
70%
DogeVenice or Genoa
65%
BasileusGreece
54%
MansaMali
33%
NegusEthiopia
21%
LugalSumer
9%

Score Distribution

Percentile by Number Answered

Percent of People with Each Score

Your Score History

You have not taken this quiz